=LDR 00000nam 2200000 4500 =001 000700 =005 20250711025309 =035 ##$$a 0010-0725000568 =007 ta =008 250711################a##########0#ind## =020 ##$$a 978-623-472-487-5 =082 ##$$a 398.209 598 =084 ##$$a 398.209 598 C, f =100 #$$a C, Sunando =245 1#$$a Flu /$c Sunando C =250 ##$$a Cetakan Pertama =260 ##$$a Jakarta Timur :$b Badan Pengembangan dan Pembinaan Bahasa,$c 2024 =300 ##$$a 28 hlm. : $b ilus. ; $c 22,9 cm =650 #4$$a Cerita Anak Indonesia-Terjemahan =650 #4$$a Literasi-Bahan Bacaan =856 ##$$a TBM As Suhada =990 ##$$a TBM04740474